000
00242nam a2200097Ia 4500
001
649455
005
20250826153742.0
008
250824s9999 xx 000 0 und d
245
0
_a
ACABA NE OLSAM? BİLİM İNSANI
_c
TOPRAK IŞIK
260
_b
TUDEM
999
_c
649455
_d
649455